| 000 | 01884nam a22004577a 4500 | ||
|---|---|---|---|
| 003 | OSt | ||
| 005 | 20230622093052.0 | ||
| 008 | 221006b |||||||| |||| 00| 0 eng d | ||
| 040 | _cBiblioteca Lado V | ||
| 082 |
_a709.05 _bG851a |
||
| 100 |
_9855 _aGriffin, Tim _eeditor |
||
| 245 |
_aArtforum/ _bInternacional/ |
||
| 260 |
_aNew York _c1993 _bNew York editorial and business offices |
||
| 300 |
_c26.5x27cm _a228p. |
||
| 366 | _eeng | ||
| 490 |
_aMayo _v1993 _x0864-1315 |
||
| 505 | _tArtforum Contributors | ||
| 505 | _tWHITNEY BIENNIAL 1993 | ||
| 505 | _tHILTON ALS | ||
| 505 | _tGLEN O'BRIEN | ||
| 505 | _tBRUCE W. FERGUSON | ||
| 505 | _tDAVID RIMANELLI | ||
| 505 | _tJAN AVGIKOS | ||
| 505 | _tGREG TATE | ||
| 505 | _tDAN CAMERON | ||
| 505 | _tDAVID DEITCHER | ||
| 505 | _tTHOMAS McEVILLEY | ||
| 505 | _tLIZ KOTZ | ||
| 505 | _tLAWRENCE CHUA | ||
| 505 |
_tFEATURES _aHISTORY OF THE SUBURBS IDENTITY PHOTOGRAPHS THE HIGH WINDOWS JUST MASK A MODEL PRISONER: JAMES CASEBERE IRLAND'S EYES NEW HISTORY FROM BEYOND THE PALE REMEMBER, RE-MEMBER THE WIND BLOWS LOW KINDNESS AND WIT PRIVATE VOICES, PUBLIC SPHERES CROSS' PURPOSES OPENINGS: PHILIPPE RAMETTE |
||
| 505 | _tREVIEWS | ||
| 650 |
_2Tesauro de Arte & Arquitectura _aARTE COMTEMPORANEO _9703 |
||
| 650 |
_2Tesauro de Arte & Arquitectura _aFOTOGRAFIA _9702 |
||
| 650 |
_2Tesauro de Arte & Arquitectura _aARTE VISUAL _9702 |
||
| 650 |
_2Tesauro de Arte & Arquitectura _aLIBROS |
||
| 650 |
_2Tesauro de Arte & Arquitectura _aNOTICIAS |
||
| 650 |
_2 Tesauro de Arte & Arquitectura _aARTE INTERNACIONAL |
||
| 650 |
_2 Tesauro de Arte & Arquitectura _aESCULTURA |
||
| 700 |
_aNavarreta, Jose Antonio _eeditor |
||
| 942 |
_2ddc _c1 _h709.05 _iG851a _n0 |
||
| 999 |
_c3918 _d3918 |
||